| 000 | 00368nam a2200145Ia 4500 | ||
|---|---|---|---|
| 008 | 230312s9999||||xx |||||||||||||| ||und|| | ||
| 082 |
_a629.134 _bGAR-P |
||
| 100 | _aGardiner;M.Dena | ||
| 245 | 0 | _aPrinciples of Exercise Therapy | |
| 260 |
_bCBS Publishers _aIndia _c2000 |
||
| 300 | _a302 | ||
| 546 | _aEng. | ||
| 650 |
_aPhysiotherapy _vExercise Therapy |
||
| 942 | _cBK | ||
| 999 |
_c6887 _d6887 |
||